Meilleurs buteurs de l'Angleterre - Statistiques

Statistiques générales
  • Ce quiz a été pris 123 fois
  • Le résultat moyen est 5 sur 12
Statistiques - réponses
Rang Joueurs Buts % Correct
#1 Harry Kane 69
97%
#2 Wayne Rooney 53
84%
#11 Frank Lampard 29
62%
#7 Michael Owen 40
58%
#3 Sir Bobby Charlton 49
57%
#8 Alan Shearer 30
51%
#4 Gary Lineker 48
34%
#5 Jimmy Greaves 44
5%
#8 Nat Lofthouse 30
2%
#8 Sir Tom Finney 30
2%
#12 Steve Bloomer 28
1%
#5 Vivian Woodward 44
1%
Aucun quiz correspondant
Distribution des résultats
% des personnes avec chaque résultat
Percentile par nombre de réponses
Votre historique - résultats
Vous n’avez pas pris ce quiz